书目信息 |
| 题名: |
现代控制论初步
|
|
| 作者: | 黄午阳 编 | |
| 分册: | ||
| 出版信息: | 天津 天津科学技术出版社 1981 |
|
| 页数: | 163页 | |
| 开本: | 19cm | |
| 丛书名: | ||
| 单 册: | ||
| 中图分类: | O231 , TP13 | |
| 科图分类: | ||
| 主题词: | 控制论 , 自动控制理论 | |
| 电子资源: | ||
| ISBN: | ||
| 000 | 00674nam0 2200265 45 | |
| 001 | 0181005211 | |
| 005 | 20040519170842.5 | |
| 010 | @dCNY0.57 | |
| 091 | @a15212.29 | |
| 100 | @a19950407d1981 em y0chiy0121 ea | |
| 101 | 0 | @achi |
| 102 | @aCN@b120000 | |
| 105 | @ay z 000yy | |
| 106 | @ar | |
| 200 | 10 | @a现代控制论初步@Axian dai kong zhi lun chu bu@f黄午阳编 |
| 210 | @a天津@c天津科学技术出版社@d1981 | |
| 215 | @a163页@d19cm | |
| 606 | @a控制论 | |
| 606 | 0 | @a自动控制理论 |
| 690 | @aO231@v3 | |
| 690 | @aTP13 | |
| 701 | 0 | @a黄午阳@Ahuang wu yang@4编 |
| 801 | 0 | @aCN@b上海图书馆@c20040519 |
| 801 | 2 | @aCN@bNLC@c20040519 |
| 905 | @f2@b55204-205@dTP13@e10 | |
| 现代控制论初步/黄午阳编.-天津:天津科学技术出版社,1981 |
| 163页;19cm |
| ISBN :CNY0.57 |
| ● |
| 相关链接 |
|
|
|
|
正题名:现代控制论初步
索取号:TP13/10
 
预约/预借
| 序号 | 登录号 | 条形码 | 馆藏地/架位号 | 状态 | 备注 |
| 1 | 0055204 | 000701592 | 第三借阅区/ [索取号:TP13/10] | 在馆 | |
| 2 | 0055205 | 000701583 | 第三借阅区/ [索取号:TP13/10] | 在馆 | |
| 3 | 0055206 | 000701609 | 第二样本阅览室/ [索取号:TP13/10] | 在馆 |